Normal view
MARC view
- TEXTBOOKS MTS. THE 8051 MICROCONTROLLER AND EMBEDDED SYSTEMS USING ASSEMBLY AND C
Entry Topical Term
001 - CONTROL NUMBER
- control field: 113104
003 - CONTROL NUMBER IDENTIFIER
- control field: NUST
005 - DATE AND TIME OF LATEST TRANSACTION
- control field: 20230608144326.0
008 - FIXED-LENGTH DATA ELEMENTS
- fixed length control field: 230608|| aca||aabn | a|a d
040 ## - CATALOGING SOURCE
- Original cataloging agency: NUST
- Transcribing agency: NUST
150 ## - HEADING--TOPICAL TERM
- Topical term or geographic name entry element: TEXTBOOKS MTS. THE 8051 MICROCONTROLLER AND EMBEDDED SYSTEMS USING ASSEMBLY AND C
670 ## - SOURCE DATA FOUND
- Source citation: Work cat.: (NUST)594886: Mazidi, Muhammad Ali 18480, The 8051 Microcontroller and Embedded Systems: , 2013.
